Real Cities - Sudden Death (UK and Ireland) - Statistics

General Stats
  • This quiz has been taken 42 times
  • The average score is 13 of 30
Answers on the Grid
Answers color-coded by a green-red scale on the quiz's grid according to % correct below.
Newcastle upon Tyne
Stoke-on-Trent
Hull
Ayr
Wick
Dingle
Ellon
Dumfries
Belfast
Blackpool
Truro
Workington
Leeds
South Molton
Stroud
Doncaster
Norwich
Coleraine
New Abbey
Aberdeen
Clifden
Cork
Cong
Middlesbrough
Londonderry Derry
Baltimore
Four Mile House
Roscommon
Fishguard
Sharpness
Deadpool
Minington
Elizabeth-on-Thames
Exmoor
Thames
Central Molton
Elksworth
Woolworth
Sydney
Fishermen-on-St. George's
Southwich
Caroline
Ballerina
Londonham
Londonberry Derry
Endtown
Minersburgh
Lake District
Castle-on-Hill
Stroke-on-Trent
Old Abbey
South Sandwich
Rosecommon
Headfords
New Beverley
South London
Whiteheaven Harbour
North York Moors
Moorechapel
Llanfairpwllgwyngill
 
Answer Stats
Answer % Correct
Aberdeen
84%
Norwich
81%
Belfast
78%
Blackpool
75%
Hull
75%
Leeds
75%
Cork
72%
Newcastle upon Tyne
72%
Stoke-on-Trent
72%
Ayr
63%
Doncaster
63%
Middlesbrough
59%
Dumfries
56%
Truro
56%
Londonderry Derry
53%
Fishguard
38%
Coleraine
34%
Roscommon
34%
Wick
34%
Workington
34%
Stroud
31%
Dingle
22%
Clifden
16%
Baltimore
9%
South Molton
9%
Cong
6%
Ellon
6%
Four Mile House
6%
Sharpness
6%
New Abbey
3%
No matching quizzes found
Score Distribution
Percent of People with Each Score
Percentile by Number Answered
Your Score History
You have not taken this quiz